000
00330nam a2200133Ia 4500
008
151213s9999 xx 000 0 und d
100
_a
Michal Ferber
245
_a
The Poetry of Shelly
_c
Michal Ferber
260
_a
London
_b
Penguin book
_c
1993
300
_a
1879 p.
650
_a
English
700
_a
Michal Ferber
999
_c
1384
_d
1384